LEADER 00580nam a2200169 i 4500 001 000000254645 003 CaOOAMICUS 005 20170613000000.0 008 170613s1831 it u000 u ita u 013 $a233550 040 $aSeMil$bita 245 10$aVol. 6. 300 $a216 p. 773 0 $aDenina, Carlo <1731-1813>$tDelle rivoluzioni d'Italia.$b1. ed. palermitana.$dPalermo : Giovambatista Giordano, 1831.$g6$w()4855 850 $aSeMil 852 $aSeMil$W1$xVenegono$y1$m2ZB X 16 FA$j204991$B204991$CSeMilBibl$Z2$F218513 $8I 996 $6245$aVol. 6$9(OLS)http://semarc/title/108698 LEADER 00866nam a2200205 i 4500 001 000000022870 003 CaOOAMICUS 005 20250912155741.0 008 180830s1937 it u000 u ita u 040 $aSeMil$bita 100 1 $aLeccisotti, Tommaso,$c.$0(OLS)http://semarc/name/1750 245 13$aLe colonie cassinesi in Capitanata /$cD. T. Leccisotti. 260 $aMontecassino :$b[s.n.],$c1937. 300 $av. ;$c27 cm. 650 4$aCassino - Abbazia di Montecassino - Colonie - Capitanata.$0(OLS)http://semarc/subject/58503 774 0 $tLesina.$kMiscellanea cassinese$g1$w()185547 774 0 $tAscoli Satriano.$kMiscellanea cassinese$g3$w()185562 996 $6245$aLe colonie cassinesi in Capitanata$9(OLS)http://semarc/title/30643 996 $6260$aMontecassino :$b[s.n.]$9(OLS)http://semarc/publisher/33562